| 000 | 00827cam a2200253 4500 | ||
|---|---|---|---|
| 001 | J3862 | ||
| 008 | 090401t1996 xxu||||| |||| 00| 0 eng d | ||
| 035 | _a(Sirsi) u57162 | ||
| 041 | _aeng | ||
| 050 | _a692.8 | ||
| 090 | _aJCT 1996/4A | ||
| 110 |
_aJoint Contracts Tribunal _93664 |
||
| 245 | _aStandard Form of Building Contract 1980 edition ... Amendment 16 and guidance note issued July 1996: insurance and indemnity provisions; sundry other amendments. | ||
| 260 |
_aLondon _bRIBA Publications _c1996 |
||
| 300 | _a12p. ; 30cm. | ||
| 350 | _a0.8 | ||
| 650 | _aAMENDMENT 16 | ||
| 650 | _aBUILT ENVIRONMENT-BUILDING CONTRACT FORMS | ||
| 650 | _aINSURANCE PROVISIONS | ||
| 650 | _aJCT STANDARD FORM OF CONTRACT 1980 | ||
| 690 | _aBUILT ENVIRONMENT-BUILDING CONTRACT FORMS | ||
| 942 | _n0 | ||
| 948 | _c04/03/1997 | ||
| 999 |
_c93901 _d93901 |
||